Happy Christmas Around The World - Statistics

General Stats
  • This quiz has been taken 32 times
  • The average score is 6 of 10
Answer Stats
Hint Answer % Correct
Joyeux Noel French
100%
Frohe Weihnachten German
100%
Buon Natale Italian
93%
Feliz Natal Portuguese
83%
God jul Norwegian
69%
Boldog Karacsonyt Hungarian
41%
Vesele Vanoce Czech
34%
Nollaig Shona Duit Irish
34%
Craciun Ferucit Romanian
34%
Linksmu Kaledu Lithuanian
17%
No matching quizzes found
Score Distribution
Percent of People with Each Score
Percentile by Number Answered
Your Score History
You have not taken this quiz